| 000 | 00493nam a2200169 i 4500 | ||
|---|---|---|---|
| 001 | 52544 | ||
| 003 | ES-MaACL | ||
| 005 | 20230906162612.0 | ||
| 007 | t| | ||
| 008 | 030901s1967 sp ||||1| spa d | ||
| 100 | 1 |
_aDávila Jalón, Valentín. _942943 |
|
| 245 | 1 | 0 |
_aNobilario de Soria. _nTomo primero / _cValentín Dávila Jalón. |
| 260 |
_aMadrid : _bPrensa Española, _c1967. |
||
| 300 |
_a302 p. ; _c24 cm. |
||
| 650 | 4 |
_aNobleza- _zSoria. _9157547 |
|
| 852 |
_aES-MaACL _jP-1196 _bR.63402 |
||
| 999 |
_c52544 _d52544 |
||